Google’s Most Searched… - Statistics

General Stats
  • This quiz has been taken 132 times
  • The average score is 6 of 16
Answer Stats
Most Searched… Answer % Correct
Sport Soccer / Football
100%
City New York City
71%
Athlete Cristiano Ronaldo
62%
Video Game Minecraft
53%
Zodiac Sign Leo
42%
Landmark The Eiffel Tower
41%
Boyband BTS
34%
Cuisine Chinese
34%
Toy Barbie
29%
Sneaker Air Jordan
27%
Haircut Bob
23%
Emoji Heart
22%
Cartoon SpongeBob SquarePants
21%
Decade 1980s
20%
Fictional Princess Ariel
18%
Performance Beyoncé’s Coachella Performance
1%
No matching quizzes found
Score Distribution
Percent of People with Each Score
Percentile by Number Answered
Your Score History
You have not taken this quiz